00883cam a22002773a 45000010005000000030006000050050017000110080041000280400015000690420007000840500007000911000029000982450097001272600029002245060030002535160020002836530035003036530048003387000028003867400022004148300028004368560041004649420007005059990019005129520074005315560PGUSA20140828083122.0041115s2004||||xxu|||||s|||||000 1 eng d aPGUSAbeng adc 4aPT1 aEbers, Georg,d1837-189810aMargery (Gred) :bA Tale Of Old Nuremberg — Completeh[electronic resource] /cGeorg Ebers bProject Gutenberg,c2004 aPublic domain in the USA. aElectronic text aNuremberg (Germany) -- Fiction aGerman fiction -- Translations into English1 aBell, Clara,d1834-19270 aDie Gred. English 0aProject Gutenbergv556040uhttp://www.gutenberg.org/ebooks/5560 cEB c234889d234889 001040aGTBbGTBd2014-08-28l0r2014-08-28 00:00:00w2014-08-28yEB